02574nam a2200253Ia 450000500170000000800410001704000680005804100080012608200140013410000290014824500720017726000560024930000350030550005570034050007700089750502000166750600210186754600230188865000450191165000390195665000430199565100280203885602540206620220405152444.0130821s1853 sp fr 1 spa  aSpMaBNbspacSandra Yazo (modificó)dSandra Yazo (modificó)0 aspa04a340.52201 aHevia Bolaños, Juan de10aCuria filípica.bPrimero y segundo tomo.cJuan de Hevia Bolaños aGerona (España)bLibrería de D. N. Grasesc1853 a[4], 627 páginasc26 x 18 cm aDetalles físicos (1853) Encuadernación rígida en cartón forrado en cuero. Tapas con repujados y lomo con adornos en dorado. Guardas en papel de agua, al verso de la delantera una anotación manuscrita de donación (Julian Restrepo Hernández, 20 de marzo de 1907). Portada impresa en una sola tinta con varios tipos de letra, adorno sencillo (abajo: D. Largacha 18--). Índice inicial. Texto impreso en dos columnas, notas al pie de página. Papel con manchas de oxidación. Deformación de plano. Cortes decorados. Tapas con raspaduras. aDetalles físicos (1753): Sin encuadernación original, actualmente encuadernación rígida (holandesa) en cartón forrado en cartón forrado en papel, lomo en cuero. Conserva las tapas de la encuadernación delantera, guardas. Portada impresa en dos tintas, con un grabado decorativo. Texto impreso en dos columnas con apostillas marginales, papel con deterioro por humedad, perforaciones de insectos, al final manchas de hongos. Ligera variación del título. Curia Philipica. Nueva impresión, Madrid (España) : Imprenta de Música de Don Eugenio Bieco, 1753. Paginación ([8], 512, [74] páginas), dimensiones: 31 x 21 cm. Donado por Neyla Faridy Jiménez Valencia, 6/06/2017. Ejemplar retirado por riesgo biológico el 9 de septiembre de 2019.0 aDe los juicios forenses eclesiasticos y seculares dividida en 5 partes: Juicio civil, juicio ejecutivo, del juicio criminal, residencia, segunda instancia. -- Comercio terrestre, naval ; Índice aConsulta en sala aTexto en francés 7aProcedimiento penalzEspañaySiglo XIX 7aDerecho civilzEspañaySiglo XIX 7aDerecho comercialzEspañaySiglo XIX04aEspañaxLegislación41zDisponible en línea edición de 1825uhttp://books.google.com/books?id=okk1f39q72oC&printsec=frontcover&dq=CURIA+FILIPICA+PRIMERO+Y+SEGUNDO+TOMO&hl=es&ei=5PIuTsveBY64sAOUsNAI&sa=X&oi=book_result&ct=result&resnum=2&ved=0CC0Q6AEwAQ#v=onepage&q&f=fa